| 000 | 00516 a2200169 4500 | ||
|---|---|---|---|
| 999 |
_c9895 _d9895 |
||
| 020 | _a9789381421758 | ||
| 050 | _aTX911.3 GAN 2012 | ||
| 100 |
_aGandhi, Gaurav, _eauthor |
||
| 245 |
_aHotel management : _b food and food services / _cGaurav Gandhi |
||
| 264 |
_aNew Dehli : _bRandom Publications, _c2012 |
||
| 300 | _aviii, 272 pages ; 22 cm | ||
| 500 | _alncludes index | ||
| 650 | _aFood service management. | ||
| 650 | _aHotel management | ||
| 650 | _a Hospitality industry. | ||
| 942 |
_2lcc _cBK _h911.3 _iGAN _kTX |
||